[Event "Titled Tue 10th Jun Early"]
[Site "chess.com INT"]
[Date "2025.06.10"]
[Round "4"]
[White "Dorrance, Adam"]
[Black "Peng, Li Min"]
[Result "1-0"]
[WhiteTitle "FM"]
[BlackTitle "GM"]
[WhiteElo "2301"]
[BlackElo "2491"]
[WhiteFideId "2618567"]
[BlackFideId "14112620"]
[EventDate "2025.06.10"]

1. c4 b6 2. Nc3 Bb7 3. Nf3 e6 4. e4 Bb4 5. Bd3 Nc6 6. O-O a5 7. Re1 e5 8. Nd5
Bc5 9. Rb1 Nge7 10. b3 O-O 11. a3 Ng6 12. b4 axb4 13. axb4 Be7 14. Bf1 Bf6 15.
d3 d6 16. Be3 h6 17. g3 Ra3 18. Qc1 Ra2 19. c5 bxc5 20. bxc5 Ba8 21. cxd6 cxd6
22. Nb6 Nd4 23. Bxd4 exd4 24. Qc4 Ra5 25. Nxd4 Rc5 26. Qa4 Ne5 27. Bg2 Nc6 28.
Nf5 Ra5 29. Qc2 Nd4 30. Nxd4 Bxd4 31. Nc4 Ra6 32. Kh1 d5 33. Ne3 dxe4 34. dxe4
Re8 35. Rbd1 Qb6 36. Nd5 Qa7 37. f4 Bxd5 38. exd5 Rd8 39. Qe4 Bf6 40. Rc1 Ra2
41. Re2 Ra4 42. Qf5 Ra5 43. h3 Ra3 44. Kh2 Qb6 45. Rc8 Ra8 46. Rxa8 Rxa8 47. d6
Rd8 48. d7 Qd6 49. Re8+ Qf8 50. Rxf8+ Kxf8 51. Qc5+ Be7 52. Qc8 Bf6 53. Qc6 Ke7
54. Qc5+ Kxd7 55. Bd5 Ke8 56. Bc6+ Rd7 57. Bxd7+ Kxd7 58. Qd5+ Ke7 59. Kg2 g6
60. g4 Kf8 61. Kf3 Kg7 62. g5 hxg5 63. fxg5 Bb2 64. Kg4 Ba1 65. h4 Bb2 66. h5
gxh5+ 67. Kxh5 Ba1 68. Qc6 Bb2 69. Qh6+ Kg8 70. Qb6 Bg7 71. Qd8+ Bf8 72. g6 Kg7
73. Qd7 Kh8 74. Qxf7 Bg7 75. Qe8+ Bf8 76. Qxf8# 1-0

[Event "Titled Tue 10th Jun Early"]
[Site "chess.com INT"]
[Date "2025.06.10"]
[Round "4"]
[White "Tabatabaei, M. Amin"]
[Black "Gholami Orimi, Mahdi"]
[Result "1-0"]
[WhiteTitle "GM"]
[BlackTitle "GM"]
[WhiteElo "2655"]
[BlackElo "2511"]
[WhiteFideId "12521213"]
[BlackFideId "12558486"]
[EventDate "2025.06.10"]

1. e4 g6 2. d4 Bg7 3. Nc3 c6 4. h3 d5 5. Nf3 dxe4 6. Nxe4 Nf6 7. Bd3 O-O 8. O-O
Nbd7 9. c3 Nxe4 10. Bxe4 c5 11. Re1 cxd4 12. Nxd4 Nc5 13. Bf3 e5 14. Nb3 Nd3 15.
Re3 Nxc1 16. Rxc1 Qc7 17. Rd3 Bf5 18. Rd5 Be6 19. Rc5 Qe7 20. Bd5 Rad8 21. c4 e4
22. Qe2 b6 23. Rc6 Bxd5 24. cxd5 Rxd5 25. Rc7 Rd7 26. Rxd7 Qxd7 27. Qxe4 Bxb2
28. Rc2 Re8 29. Qf3 Re1+ 30. Kh2 Be5+ 31. g3 h5 32. h4 a5 33. Kg2 Qb5 34. Nd2
Qe2 35. Qxe2 Rxe2 36. Kf1 Rxd2 37. Rxd2 Kg7 38. Ke2 Kf6 39. Ke3 Ke7 40. Ke4 Ke6
41. a4 f5+ 42. Ke3 Bd6 43. Kd4 Bc5+ 44. Kc4 Ke5 45. Re2+ Kf6 46. Kd5 f4 47. Ke4
fxg3 48. fxg3 Bd6 49. Kf3 Kf5 50. Rd2 Ke6 51. Rd3 Bc5 52. Kf4 Kf6 53. Rd5 Bb4
54. Rd7 Bc5 55. Rd8 Ke7 56. Rg8 Kf6 57. Rc8 Bd6+ 58. Kf3 Kf5 59. Rg8 Kf6 60. Re8
Kf5 61. Rc8 Bc5 62. Rc6 Bd4 63. Rc4 Bc5 64. Rf4+ Ke5 65. g4 Bd6 66. g5 Be7 67.
Re4+ Kd6 68. Kf4 Kd7 69. Ke5 Bd8 70. Rd4+ Ke7 71. Kd5 Kd7 72. Kc4+ Kc7 73. Kb5
Be7 74. Rc4+ Bc5 75. Rxc5+ bxc5 76. Kxc5 1-0

[Event "Titled Tue 10th Jun Early"]
[Site "chess.com INT"]
[Date "2025.06.10"]
[Round "4"]
[White "Sjugirov, Sanan"]
[Black "Matinian, Nikita"]
[Result "1/2-1/2"]
[WhiteTitle "GM"]
[BlackTitle "GM"]
[WhiteElo "2635"]
[BlackElo "2421"]
[WhiteFideId "4189302"]
[BlackFideId "24129100"]
[EventDate "2025.06.10"]

1. e4 e5 2. Nf3 Nc6 3. Bb5 a6 4. Ba4 Nf6 5. O-O d6 6. Re1 Bd7 7. c4 Be7 8. Nc3
O-O 9. d3 Bg4 10. Bxc6 bxc6 11. h3 Bxf3 12. Qxf3 Nd7 13. Be3 Bg5 14. b3 Bxe3 15.
Qxe3 c5 16. f4 exf4 17. Qxf4 Ne5 18. Re3 c6 19. Rf1 f6 20. Rg3 Ra7 21. Qd2 Rd7
22. Rf2 Qb6 23. Kh1 Rdf7 24. Rf5 g6 25. Ne2 Kh8 26. Rf4 f5 27. exf5 Rxf5 28. Kh2
Qd8 29. Rxf5 Rxf5 30. d4 cxd4 31. Nxd4 Rf1 32. Qe2 Qf6 33. Nxc6 Rf2 34. Qe4 Nxc6
35. Qxc6 Qe5 36. Qa8+ Kg7 37. Qb7+ Rf7 38. Qd5 Qxd5 39. cxd5 Rf2 40. a3 Rd2 41.
Rc3 Rxd5 42. Rc7+ Kh6 43. Rc6 a5 44. Rb6 Rd3 45. a4 Kg5 46. Rb5+ Kf4 47. Kg1 h5
48. Kf2 h4 49. Ke2 Rg3 50. Kf2 Rd3 51. Rxa5 Rxb3 52. Rd5 Rb2+ 53. Kg1 Rb1+ 54.
Kh2 Rb6 55. a5 Ra6 56. Rd4+ Kf5 57. Rd5+ Ke4 58. Rg5 d5 59. Rg4+ Ke3 60. Rxh4
Rxa5 61. Kg3 d4 62. Rh8 d3 63. Re8+ Kd4 64. Kf2 Ra2+ 65. Kf3 Kc3 66. Rc8+ Kd2
67. Rc6 Kd1 68. Rxg6 d2 69. h4 Ke1 70. Re6+ Kf1 71. Rd6 Ra3+ 72. Kg4 Ke2 73.
Rxd2+ Kxd2 74. h5 Ke3 75. h6 Ra2 76. Kf5 Rxg2 77. h7 Rh2 78. Kg6 Kf4 79. Kg7 Kf5
80. h8=Q Rxh8 81. Kxh8 1/2-1/2

[Event "Titled Tue 10th Jun Early"]
[Site "chess.com INT"]
[Date "2025.06.10"]
[Round "4"]
[White "Zhou, Yuxu"]
[Black "Paravyan, David"]
[Result "0-1"]
[WhiteTitle "CM"]
[BlackTitle "GM"]
[WhiteElo "2113"]
[BlackElo "2589"]
[WhiteFideId "8626421"]
[BlackFideId "4194985"]
[EventDate "2025.06.10"]

1. d4 d5 2. c4 e6 3. Nf3 Nf6 4. g3 Be7 5. Bg2 O-O 6. O-O dxc4 7. Qc2 b5 8. a4
Bb7 9. axb5 a6 10. bxa6 Nxa6 11. Qxc4 Bd5 12. Qc2 Nb4 13. Rxa8 Nxc2 14. Rxd8
Rxd8 15. Nc3 Bxf3 16. Bxf3 Nxd4 17. Bg2 Bb4 18. Re1 Bxc3 19. bxc3 Nxe2+ 20. Kf1
Nxc1 21. Rxc1 Rd2 22. Bf3 g5 23. h3 h5 24. Ke1 Rb2 25. Be2 g4 26. hxg4 hxg4 27.
Bd3 Nd5 28. Be4 Nb6 29. c4 Nd7 30. c5 Kg7 31. Rc3 f5 32. Bg2 Ne5 33. Re3 Kf6 34.
Rc3 Ra2 35. Kf1 Rd2 36. Ke1 Rd3 37. Rc2 Ra3 38. Ke2 Ng6 39. Bb7 e5 40. Rd2 Rc3
41. c6 f4 42. gxf4 Nxf4+ 43. Kd1 e4 44. Rd7 Ne6 45. Kd2 Rf3 46. Ke1 Rb3 47. Rh7
Rc3 48. Rh6+ Ke5 49. Rh8 Nd4 50. Re8+ Kf4 51. Rf8+ Kg5 52. Rg8+ Kh4 53. Rh8+ Kg5
54. Rg8+ Kf4 55. Rf8+ Ke5 56. Re8+ Kd5 57. Rd8+ Kc5 58. Rg8 Nf3+ 59. Ke2 Kd4 60.
Rd8+ Ke5 61. Re8+ Kf4 62. Rf8+ Kg5 63. Rg8+ Kf4 64. Rf8+ Ke5 65. Re8+ Kd5 66.
Rd8+ Kc5 67. Rd1 Kb6 68. Rb1+ Ka5 69. Rd1 Kb4 70. Kf1 Rc2 71. Rd7 e3 72. fxe3 g3
73. Rg7 Rf2# 0-1

[Event "Titled Tue 10th Jun Early"]
[Site "chess.com INT"]
[Date "2025.06.10"]
[Round "4"]
[White "Pulido Alvarez, Ariel"]
[Black "Baches Garcia, Guillermo"]
[Result "0-1"]
[WhiteTitle "FM"]
[BlackTitle "IM"]
[WhiteElo "2252"]
[BlackElo "2305"]
[WhiteFideId "3503011"]
[BlackFideId "2209764"]
[EventDate "2025.06.10"]

1. e4 d5 2. exd5 Qxd5 3. Nc3 Qa5 4. d4 Nf6 5. Bc4 Bg4 6. Ne2 e6 7. O-O c6 8. Bd2
Qc7 9. Bf4 Bd6 10. Bxd6 Qxd6 11. Qd2 Nbd7 12. Ng3 Nb6 13. Bb3 Nbd5 14. f3 Bh5
15. Nce4 Qf4 16. Qxf4 Nxf4 17. Nd6+ Ke7 18. Nxb7 Bg6 19. Na5 Rac8 20. Ba4 c5 21.
Nc6+ Kd6 22. dxc5+ Kxc5 23. Ne5 Rhd8 24. Rad1 N6d5 25. h4 Ne3 26. Nd7+ Rxd7 27.
Rxd7 Nxf1 28. Kxf1 a5 29. h5 Nxh5 30. Nxh5 Bxh5 31. c3 Bg6 32. Kf2 Rb8 33. b3 h5
34. Ke3 h4 35. Rc7+ Kb6 36. Rc4 Rh8 37. Rc6+ Kb7 38. Rc5 h3 39. gxh3 Rxh3 40.
Rxa5 Bh5 41. Kd4 Bxf3 42. Be8 f6 43. Rb5+ Kc7 44. a4 Kd6 45. Rb6+ Ke7 46. Bb5
e5+ 47. Kc5 e4 48. a5 e3 49. a6 e2 50. Bxe2 Bxe2 51. a7 Bf3 52. Rb8 Be4 53. Kd4
Bg2 54. a8=Q Bxa8 55. Rxa8 g5 56. Ra5 g4 57. Ke4 Rxc3 58. Kf4 g3 59. Ra7+ Ke6
60. Ra6+ Kf7 61. Ra2 Rxb3 62. Rg2 Ke6 63. Rxg3 Rxg3 64. Kxg3 Ke5 65. Kg4 Ke4 66.
Kg3 f5 67. Kg2 Ke3 68. Kf1 Kf3 0-1

[Event "Titled Tue 10th Jun Early"]
[Site "chess.com INT"]
[Date "2025.06.10"]
[Round "4"]
[White "Perossa, Nicolas"]
[Black "Aradhya, Garg"]
[Result "0-1"]
[WhiteTitle "FM"]
[BlackTitle "IM"]
[WhiteElo "2286"]
[BlackElo "2370"]
[WhiteFideId "2850520"]
[BlackFideId "25006746"]
[EventDate "2025.06.10"]

1. e4 c6 2. d4 d5 3. e5 Bf5 4. h4 h5 5. c4 e6 6. Nc3 dxc4 7. Bxc4 Nd7 8. Bf4 Ne7
9. Nge2 Ng6 10. Bg5 Be7 11. Ng3 Bxg5 12. hxg5 Qxg5 13. Rxh5 Rxh5 14. Qxh5 Qxh5
15. Nxh5 Kf8 16. Ng3 Nh4 17. Kf1 Nb6 18. Be2 Rd8 19. Rd1 Bg6 20. b3 Nd5 21. Nxd5
Rxd5 22. Bc4 Rd7 23. Ne2 Bh5 24. f3 Nf5 25. Kf2 Bg6 26. a4 Ne7 27. b4 Bc2 28.
Ra1 Nf5 29. Ra2 Bd1 30. Nc3 Rxd4 31. Nxd1 Rxc4 32. b5 Ke7 33. bxc6 Rxc6 34. Rb2
b6 35. Ne3 Nxe3 36. Kxe3 Rc3+ 37. Kd4 Ra3 38. Rb4 g5 39. Ke4 Ra2 40. g4 Kd7 41.
Rd4+ Ke7 42. Rc4 a5 43. Rc7+ Kd8 44. Rc4 Kd7 45. Rd4+ Kc7 46. Rc4+ Kb7 47. Rd4
Ka6 48. f4 gxf4 49. Kxf4 Rf2+ 50. Kg5 Rf3 51. Kh6 Re3 52. Kg7 Rf3 53. g5 Rf5 54.
Kf8 Rxe5 55. Kxf7 Rxg5 56. Kxe6 Rg1 57. Kd6 Rb1 58. Kc6 Rb4 59. Rd8 Rc4+ 60. Kd5
Rxa4 61. Kc6 Rc4+ 62. Kd5 Rc5+ 63. Kd4 Kb5 64. Rh8 a4 65. Rh1 Rc4+ 66. Kd3 Rb4
67. Kc3 Ka5 68. Rh8 Rb3+ 69. Kc2 b5 70. Rh5 Kb4 71. Rh4+ Ka3 72. Rh1 Rb2+ 73.
Kc1 b4 74. Rh5 b3 75. Ra5 Rc2+ 76. Kb1 Rh2 77. Kc1 Rh1+ 78. Kd2 b2 0-1

[Event "Titled Tue 10th Jun Early"]
[Site "chess.com INT"]
[Date "2025.06.10"]
[Round "4"]
[White "Vagman, Roy"]
[Black "Oro, Faustino"]
[Result "0-1"]
[WhiteTitle "FM"]
[BlackTitle "IM"]
[WhiteElo "2403"]
[BlackElo "2465"]
[WhiteFideId "2828995"]
[BlackFideId "20000197"]
[EventDate "2025.06.10"]

1. e4 e5 2. Nf3 Nc6 3. Bb5 a6 4. Ba4 Nf6 5. Nc3 b5 6. Bb3 Be7 7. d3 d6 8. a3 Bg4
9. Be3 Qd7 10. h3 Be6 11. Bxe6 Qxe6 12. d4 exd4 13. Nxd4 Nxd4 14. Qxd4 O-O 15.
O-O Rfe8 16. Rfe1 h6 17. Bf4 Bf8 18. Bh2 Nd7 19. Rad1 Rac8 20. Nd5 Ne5 21. f4
Nc6 22. Qc3 Ne7 23. f5 Nxd5 24. Rxd5 Qd7 25. Rdd1 Re7 26. Qf3 Qc6 27. Re2 Rce8
28. Rde1 f6 29. Bf4 Qc4 30. b3 Qc5+ 31. Kh2 Qxa3 32. Qg3 Kh8 33. Qg6 Qc5 34. Re3
Qxc2 35. Rg3 Rxe4 36. Bxh6 R8e7 37. Rxe4 Qxe4 38. Re3 Qxe3 39. Bxe3 Rxe3 40. Qf7
Be7 41. Qe8+ Kh7 42. Qg6+ Kg8 43. Qe8+ Kh7 44. Qa8 d5 45. Qxd5 Bd6+ 46. g3 Rxg3
47. Kh1 Rxh3+ 48. Kg2 Rg3+ 49. Kf2 Kh6 50. Qf7 Kg5 51. Qg6+ Kf4 52. Qf7 Kxf5 53.
Qd5+ Be5 54. Qd7+ Kf4 55. Qd2+ Kg4 56. Qd1+ Kg5 57. Qd2+ Kg6 58. Qc2+ f5 59.
Qc6+ Bd6 60. Qxa6 Rxb3 61. Qc8 Kf6 62. Qd8+ Kg6 63. Qe8+ Kg5 64. Qd8+ Kf4 65.
Qh4+ Ke5 66. Qh2+ Kd5 67. Qg2+ Kc5 68. Qxg7 Rb4 69. Qf7 f4 70. Kf3 Rd4 71. Qe8
b4 72. Qb8 Kc4 73. Qb7 b3 74. Qc6+ Kb4 75. Qb7+ Kc3 76. Qc6+ Rc4 77. Qb7 b2 78.
Ke2 Rb4 79. Qc6+ Kd4 80. Qe8 b1=Q 81. Qh8+ Be5 82. Qd8+ Kc3 83. Qxc7+ Bxc7 0-1

[Event "Titled Tue 10th Jun Early"]
[Site "chess.com INT"]
[Date "2025.06.10"]
[Round "4"]
[White "Sklokin, Sergey"]
[Black "Diao, Matthew Guo"]
[Result "0-1"]
[WhiteTitle "FM"]
[BlackTitle "CM"]
[WhiteElo "2311"]
[BlackElo "2244"]
[WhiteFideId "55730230"]
[BlackFideId "30970547"]
[EventDate "2025.06.10"]

1. d4 d5 2. c4 c6 3. Nf3 Nf6 4. g3 dxc4 5. Bg2 Nbd7 6. O-O g6 7. Qc2 Nb6 8. Nbd2
Bg7 9. e4 O-O 10. Re1 Nfd7 11. Nxc4 Nxc4 12. Qxc4 Nb6 13. Qc2 Bg4 14. Ne5 Be6
15. Be3 Bxe5 16. dxe5 Nc4 17. Bh6 Re8 18. Qc3 Qc7 19. Bf4 g5 20. b3 gxf4 21.
bxc4 fxg3 22. hxg3 Kh8 23. f4 Qb6+ 24. c5 Qa6 25. Bf1 Qa4 26. f5 Bc8 27. e6+ f6
28. Red1 Qxe4 29. Qd3 Qe5 30. Rac1 Rg8 31. Kf2 b6 32. Re1 Ba6 33. Rxe5 Bxd3 34.
Re3 Bxf5 35. Bg2 Rac8 36. a4 Rgd8 37. Ke2 Bg4+ 38. Ke1 bxc5 39. Rc4 Rd4 40. Rxc5
Rd1+ 41. Kf2 Rd2+ 42. Kg1 Rd1+ 43. Kh2 Rd2 44. Ra5 Be2 45. Kg1 Bg4 46. Rxa7 c5
47. Rxe7 c4 48. Ra7 c3 49. e7 Bh5 50. Be4 c2 51. Bxc2 Rdxc2 52. Rd7 Rc1+ 53. Re1
Rxe1+ 54. Kf2 Rec1 55. g4 Be8 56. Rd8 R1c7 57. a5 Kg7 58. a6 Kf7 59. a7 Rxa7 60.
Rxc8 Rxe7 61. Kg3 Bd7 62. Rh8 Kg7 63. Rd8 Be6 64. Kh4 Bf7 65. Rd4 Bg6 66. Rf4
Re4 67. Rf2 f5 68. Kh3 fxg4+ 69. Kg3 h5 70. Kh4 Re3 71. Rd2 Re5 72. Rd7+ Kh6 73.
Rd4 Re3 74. Rd3 Re5 75. Rc3 Rg5 76. Rg3 Bf5 77. Rf3 g3 78. Rf1 g2 79. Rg1 Rg4+
80. Kh3 Rg6+ 81. Kh4 Be4 82. Kh3 Rg4 83. Kh2 Kg5 84. Re1 Rh4+ 85. Kg3 Rg4+ 86.
Kh2 g1=Q+ 87. Rxg1 Rxg1 88. Kxg1 Kg4 89. Kh2 h4 90. Kg1 Kg3 91. Kf1 h3 92. Ke2
h2 0-1

[Event "Titled Tue 10th Jun Early"]
[Site "chess.com INT"]
[Date "2025.06.10"]
[Round "4"]
[White "Punin, Andrii"]
[Black "Grezels, Florian"]
[Result "1/2-1/2"]
[WhiteTitle "FM"]
[BlackTitle "FM"]
[WhiteElo "2289"]
[BlackElo "2306"]
[WhiteFideId "14112639"]
[BlackFideId "20696450"]
[EventDate "2025.06.10"]

1. e4 c5 2. Be2 e5 3. f4 d5 4. exd5 exf4 5. Nf3 Nf6 6. c4 Bd6 7. O-O O-O 8. d4
b5 9. Kh1 bxc4 10. Bxc4 Nbd7 11. Nc3 Nb6 12. b3 Bb7 13. dxc5 Bxc5 14. Bxf4 Nbxd5
15. Nxd5 Nxd5 16. Bg5 Ne3 17. Qxd8 Raxd8 18. Bxe3 Bxe3 19. Rae1 Bc5 20. Rd1 Bxf3
21. gxf3 g6 22. Kg2 Kg7 23. Rfe1 Kf6 24. Bd5 Rd6 25. Rd3 Rfd8 26. Red1 Ke5 27.
Re1+ Kf6 28. Red1 Ke5 29. Bc4 Rxd3 30. Rxd3 Rxd3 31. Bxd3 Kf4 32. a4 a5 33. Bc4
f6 34. Bg8 h6 35. Bf7 g5 36. Bc4 h5 37. h3 f5 38. Bf7 g4 39. Bxh5 gxh3+ 40. Kxh3
Kg5 41. Bf7 f4 42. Bc4 Bb4 43. Kg2 Bc3 44. Kf2 Bb4 45. Ke2 Bc3 46. Kd3 Bb4 47.
Ke4 Be1 48. Kd5 Bb4 49. Bd3 Be1 50. Be4 Bb4 51. Kd4 Be1 52. Kd3 Bb4 53. Ke2 Kf6
54. Bd5 Ke5 55. Bc4 Kd4 56. Kf2 Bc3 57. Kg2 Ke3 58. Bd5 Bb4 59. Kh3 Bd2 60. Kg4
Bb4 61. Kf5 Bd2 62. Be4 Bb4 63. Ke5 Bd2 64. Kd5 Bb4 65. Kc4 Bd2 66. Bc6 Bb4 67.
Bb7 Bd2 68. Be4 Bb4 69. Kb5 Bd2 70. Kc5 Bb4+ 71. Kc4 Bd2 72. b4 Bxb4 73. Kb3 Bd2
74. Bd5 Bb4 75. Bc6 Bd2 76. Bb7 Bb4 77. Kc2 Bd2 78. Kd1 Bb4 79. Bc6 Bd2 80. Be4
Bb4 81. Kc2 Bd2 82. Kb3 Bb4 83. Kc4 Bd2 84. Kb5 Bb4 85. Kc4 Bd2 86. Bc6 Bb4 87.
Bd5 Bd2 88. Kb3 Bb4 89. Kc2 Bd2 90. Kd1 Bb4 91. Bc6 Bd2 92. Kc2 Bb4 93. Kb2 Bd2
94. Kb3 Bb4 95. Kc4 Bd2 96. Be4 Bb4 97. Kb3 Bd2 98. Kb2 Bb4 99. Ka2 Bd2 100. Kb1
Bb4 101. Kc2 Bd2 102. Kd1 Bb4 103. Kc1 Bd2+ 104. Kc2 Bb4 105. Bb7 Bd2 106. Kb2
Bb4 107. Kb3 Bd2 108. Kc4 Bb4 109. Kb5 Bd2 110. Be4 Bb4 111. Kb6 Bd2 112. Kc6
Bb4 113. Kb5 Bd2 114. Ba8 Bb4 115. Kc4 Bd2 116. Kc5 Bb4+ 117. Kb5 Bd2 118. Bb7
Bb4 119. Kc4 Bd2 120. Kb3 Bb4 121. Kc2 1/2-1/2

[Event "Titled Tue 10th Jun Early"]
[Site "chess.com INT"]
[Date "2025.06.10"]
[Round "4"]
[White "Mohamed, Anees M"]
[Black "Brancaleoni, Maurizio"]
[Result "1-0"]
[WhiteTitle "FM"]
[BlackTitle "FM"]
[WhiteElo "2431"]
[BlackElo "2185"]
[WhiteFideId "35065815"]
[BlackFideId "803022"]
[EventDate "2025.06.10"]

1. Nf3 c5 2. b3 Nf6 3. Bb2 Nc6 4. g3 d5 5. Bg2 d4 6. O-O e5 7. e3 Be7 8. exd4
exd4 9. d3 O-O 10. Nbd2 Be6 11. Re1 Rc8 12. Nc4 Nd5 13. Nfe5 Nxe5 14. Nxe5 Re8
15. Qh5 Nf6 16. Qd1 Bd5 17. Bxd5 Qxd5 18. Qf3 Qxf3 19. Nxf3 Nd5 20. a3 Kf8 21.
Re5 Rcd8 22. Rae1 Bf6 23. R5e4 Rxe4 24. Rxe4 Re8 25. Kf1 g6 26. Ke2 Bg7 27. Nd2
f5 28. Rxe8+ Kxe8 29. Nc4 Kd7 30. a4 b6 31. Bc1 Bf6 32. h4 Ke6 33. Bd2 Be7 34.
Na3 a6 35. Nc4 Bd6 36. Bg5 Bc7 37. Kd2 b5 38. axb5 axb5 39. Na3 b4 40. Nc4 Bb8
41. Ke2 Bc7 42. Kf3 Bb8 43. Bd8 Bd6 44. Bb6 Be7 45. Ba7 Bd6 46. Na5 Bc7 47. Nb7
Bd6 48. Bxc5 Bxc5 49. Nxc5+ Ke5 50. Ke2 Nc3+ 51. Kd2 Nb1+ 52. Ke1 Nc3 53. Na6
Nd5 54. Kd2 h6 55. Nc5 g5 56. hxg5 hxg5 57. Na4 g4 58. Nb2 f4 59. Nc4+ Kf5 60.
Nd6+ Ke5 61. Ne4 Kf5 62. Ke2 fxg3 63. fxg3 Ne3 64. Kd2 Nf1+ 65. Kc1 Ne3 66. Nc5
Nf1 67. Ne4 Ne3 68. Kd2 Nd5 69. Nc5 Ke5 70. Na6 Kf5 71. Ke2 Ke5 72. Nb8 Nc3+ 73.
Ke1 Nd5 74. Nc6+ Kf5 75. Nxd4+ Ke5 76. Ne2 Kd6 77. Kd2 Kc5 78. d4+ Kd6 79. Kd3
Nf6 80. Nf4 Ke7 81. Kc4 Kd6 82. Kxb4 Ne4 83. Ne2 Kd5 84. c4+ Ke6 85. Kb5 Nc3+
86. Nxc3 Kf5 87. Ne2 1-0

[Event "Titled Tue 10th Jun Early"]
[Site "chess.com INT"]
[Date "2025.06.10"]
[Round "4"]
[White "Maglioni, Leonardo"]
[Black "Nikookar, Mahdi"]
[Result "1/2-1/2"]
[BlackTitle "FM"]
[WhiteElo "2069"]
[BlackElo "2183"]
[WhiteFideId "2896830"]
[BlackFideId "22552987"]
[EventDate "2025.06.10"]

1. d4 e6 2. Nf3 Nf6 3. Bf4 d5 4. e3 Bd6 5. Bg3 Ne4 6. Bd3 Nxg3 7. hxg3 h6 8. c3
c5 9. Nbd2 Nc6 10. Qe2 e5 11. dxe5 Nxe5 12. Nxe5 Bxe5 13. e4 O-O 14. O-O Re8 15.
Rfe1 Bc7 16. Qf3 Be6 17. exd5 Qxd5 18. Qxd5 Bxd5 19. Be4 Bxe4 20. Nxe4 b6 21.
Nd2 Kf8 22. Kf1 h5 23. Rxe8+ Rxe8 24. Rd1 Rd8 25. Ke2 Ke7 26. Nf3 Rxd1 27. Kxd1
Kf6 28. Ke2 Kf5 29. Ke3 g5 30. c4 g4 31. Ne1 Be5 32. Nd3 Bg7 33. b3 Bh6+ 34. f4
Bg7 35. Ne1 Bd4+ 36. Ke2 Ke4 37. Nc2 Bg1 38. Na3 Bh2 39. Kf2 h4 40. gxh4 Bxf4
41. Nb5 Bb8 42. h5 a6 43. Nc3+ Kd3 44. Nd5 b5 45. cxb5 axb5 46. a4 bxa4 47. bxa4
Kc4 48. Nb6+ Kb4 49. Nd7 Bf4 50. g3 Bh6 51. a5 Kxa5 52. Nxc5 Kb5 53. Nd7 Kc4 54.
Ne5+ Kd5 55. Nxg4 Bc1 56. Kf3 Ke6 57. Nf2 Kf5 58. g4+ Kg5 59. Ne4+ Kh6 60. Kg3
Ba3 61. Kh4 Be7+ 62. g5+ Kg7 63. Kg4 Bd8 64. Kf5 Ba5 65. Nf6 Bd2 66. h6+ Kh8 67.
Ne4 Bc1 68. Kf6 Kg8 69. Kf5 Kh7 70. Nf6+ Kh8 71. Ne8 Kh7 72. Nd6 Kg8 73. Kf6
Bb2+ 74. Kf5 Bc1 75. Ne8 Kh7 76. Nc7 Kg8 77. Nd5 Bb2 78. Nf4 Kh7 79. Kg4 Kg8 80.
Nh5 Kh7 81. Kf5 Kg8 82. Ng3 Kh7 83. Ne4 Kg8 84. Nd6 Ba1 85. Ne8 Bb2 86. Nf6+ Kh8
87. Ke4 Bc1 88. Kf5 Bxg5 89. Kxg5 1/2-1/2

[Event "Titled Tue 10th Jun Early"]
[Site "chess.com INT"]
[Date "2025.06.10"]
[Round "4"]
[White "Zhauynbay, Alimzhan"]
[Black "Margl, Roland"]
[Result "1/2-1/2"]
[WhiteTitle "CM"]
[BlackTitle "FM"]
[WhiteElo "2133"]
[BlackElo "2289"]
[WhiteFideId "13782657"]
[BlackFideId "773719"]
[EventDate "2025.06.10"]

1. e4 c5 2. Nf3 Nc6 3. c3 d5 4. exd5 Qxd5 5. d4 e6 6. Be3 cxd4 7. Nxd4 Nf6 8.
Nd2 Nxd4 9. Bxd4 Be7 10. Nf3 O-O 11. Bd3 b6 12. O-O Bb7 13. Qe2 Qh5 14. Ne5 Qxe2
15. Bxe2 Rfd8 16. Rfd1 Kf8 17. f3 Nd5 18. g3 f6 19. Nd3 e5 20. Bf2 Rac8 21. Rac1
Kf7 22. Kf1 Ba6 23. Nxe5+ fxe5 24. Bxa6 Rc7 25. c4 Nb4 26. Rxd8 Bxd8 27. Bb5
Nxa2 28. Rd1 Be7 29. c5 Nb4 30. cxb6 axb6 31. Bxb6 Rc2 32. b3 Rxh2 33. Bc4+ Kf6
34. Bf2 Rh1+ 35. Ke2 Rxd1 36. Kxd1 h5 37. Ke2 g5 38. f4 exf4 39. gxf4 Kf5 40.
fxg5 Bxg5 41. Bc5 Nc6 42. b4 Bf6 43. Bd3+ Ke6 44. Be4 Kd7 45. Kd3 h4 46. b5 Ne5+
47. Kc2 Nc4 48. Bf5+ Kc7 49. Kb3 Nd6 50. Bd3 Nb7 51. b6+ Kc6 52. Bg1 Bd8 53.
Be4+ Kb5 54. Bxb7 Bxb6 55. Bh2 Kc5 56. Bg2 Bd8 57. Bh3 Kd4 58. Kc2 Ke3 59. Kd1
Kf2 60. Bf4 Bb6 61. Kd2 Bc5 62. Kd3 Bb6 63. Ke4 Bc5 64. Kf5 Bb6 65. Kg4 Bd8 66.
Be5 Ke3 67. Bb8 Kf2 68. Ba7+ Ke2 69. Bg2 Kd3 70. Kf3 Kd2 71. Be3+ Kd3 72. Bf1+
Kc3 73. Ke4 Bf6 74. Bh3 Kb2 75. Kd3 Be5 76. Ke4 Bg7 77. Kd3 Bf6 78. Kc4 Bg7 79.
Bf5 Bf6 80. Kd3 Bg7 81. Bg5 Be5 82. Bxh4 Bg7 83. Bg3 Bf6 84. Bf4 Bg7 85. Ke4 Bf6
86. Bd6 Bg7 87. Be7 Bc3 88. Bf8 Bf6 89. Kd3 Be5 90. Kc4 Bf6 91. Kb4 Be5 92. Ka4
Bf6 93. Ba3+ Ka1 94. Kb3 Be5 95. Bc1 Bf6 96. Ka3 Be5 97. Be3 Bf6 98. Bf4 Bg7 99.
Kb3 Bf6 100. Bc2 Bg7 101. Bb1 Kxb1 1/2-1/2

[Event "Titled Tue 10th Jun Early"]
[Site "chess.com INT"]
[Date "2025.06.10"]
[Round "4"]
[White "Diachek, Andrii"]
[Black "Jimenez Carrazoni, Marta Elena"]
[Result "1-0"]
[WhiteTitle "CM"]
[BlackTitle "WCM"]
[WhiteElo "2177"]
[BlackElo "1968"]
[WhiteFideId "34106499"]
[BlackFideId "54765102"]
[EventDate "2025.06.10"]

1. c4 c5 2. Nc3 Nf6 3. Nf3 d5 4. cxd5 Nxd5 5. e3 Nxc3 6. bxc3 g6 7. d4 Bg7 8.
Bb5+ Bd7 9. Be2 O-O 10. O-O Nc6 11. Ba3 b6 12. dxc5 bxc5 13. Bxc5 Bxc3 14. Rc1
Bg7 15. Qd5 Qe8 16. Rfd1 Be6 17. Qe4 Rc8 18. Ba6 Rc7 19. Bb5 Qc8 20. Ba3 Na5 21.
Qb4 Rxc1 22. Rxc1 Qd8 23. Qxe7 Qxe7 24. Bxe7 Rb8 25. a4 Nb3 26. Rc7 a5 27. h3
Bd5 28. Ba3 h6 29. Bc4 Bxc4 30. Rxc4 g5 31. Kf1 Rd8 32. Ke2 Rb8 33. Rc7 Bf6 34.
Ra7 Na1 35. Rxa5 Nc2 36. Bc1 Rb1 37. Bd2 Na3 38. Ra8+ Kg7 39. Rc8 Rb2 40. Rc6
Nb1 41. Kd3 Ra2 42. Be1 Ra3+ 43. Ke4 Rxa4+ 44. Kd3 Ra3+ 45. Kc2 Ra2+ 46. Kxb1
Re2 47. Bd2 Rxf2 48. Be1 Rxg2 49. Rc2 Rxc2 50. Kxc2 h5 51. Kd3 g4 52. hxg4 hxg4
53. Ng1 Kg6 54. Ne2 Kf5 55. Bg3 Bg5 56. e4+ Ke6 57. Nd4+ Kd7 58. Nf5 Bd8 59. Ne3
Ke6 60. Nf5 Bb6 61. Bf4 Bd8 62. Ke3 f6 63. Kf2 Bb6+ 64. Kg3 Ba5 65. Kxg4 Bc3 66.
Bg3 Bb2 67. Kf3 Ba1 68. Ke3 Bb2 69. Kd3 Ba3 70. Kc4 Bf8 71. Nd4+ Kd7 72. Kd5 Bb4
73. Nf5 Bd2 74. Nd4 Bc3 75. Nb5 Bb2 76. Nd6 Ba3 77. Nc4 Bc1 78. Nb6+ Ke7 79.
Bd6+ Kf7 80. Nd7 Bb2 81. Nc5 Bc3 82. Ne6 Bb2 83. Nd4 Bc3 84. Nf5 Bb2 85. Bc5 Bc3
86. Bd4 Bb4 87. Nd6+ Kg6 88. Ke6 Bd2 89. Bxf6 Bf4 90. Be5 Be3 91. Nf5 Bc5 92.
Bd6 Bb6 93. Kd5 Kf7 94. Be5 Bd8 95. Bd4 Ke8 96. e5 Bg5 97. e6 Kd8 98. Bc5 Ke8
99. Bd6 Bh4 100. Ke5 Kd8 101. Ng7 Bg3+ 102. Kd5 Bh4 103. Nh5 Ke8 104. Ng7+ Kd8
105. Nf5 Bg5 106. Bg3 Ke8 107. Bh4 Bf4 108. Ng7+ Kf8 109. e7+ Kf7 110. e8=Q+
Kxg7 111. Qe4 Kh6 112. Qxf4+ Kh5 113. Qg5# 1-0